000 00625nam a22001695i 4500
001 161758
003 ES-MaACL
005 20230906212343.0
008 041025q18901907sp |||| | spa d
040 _aCAM
_bspa
_cCAM
100 1 _aPerera, Arturo.
_990520
245 1 0 _aAmores y amorios
_b: (historias y cuentos) /
_cArturo Perera.
260 _aMadrid :
_b[s.n.,
_cs.a.] (
_fImp. y estereotipia de Ricardo Fé)
300 _a156 p. ;
_c19 cm.
596 _aProbablemente impreso entre 1890 y 1907.
852 _aES-MaACL
_jF-9990
_z-- Enc. hol. conservando la cub. original
_z-- Dedicatoria ms. del autor al Ateneo , 1907
999 _c161758
_d161758